Top 15 most streamed Trippie Redd songs - Statistics

General Stats
  • This quiz has been taken 148 times
  • The average score is 7 of 15
Answer Stats
Rank Streams Songs % Correct
2. 531,100,311 Miss The Rage
78%
4. 463,402,582 Dark Knight Dummo
77%
5. 401,679,964 Love Scars
75%
1. 566,416,086 Taking A Walk
71%
6. 350,259,480 The Grinch
60%
3. 515,278,097 1400 / 999 Freestyle
55%
7. 335,805,273 Topanga
53%
12. 193,487,031 Death
41%
9. 236,647,622 Who Needs Love
41%
14. 162,173,993 Love Me More
34%
11. 194,087,796 6 Kiss
33%
10. 213,403,520 Poles 1469
33%
8. 242,209,481 Excitement
23%
15. 156,630,528 Rich MF
15%
13. 184,391,138 Shake It Up
14%
No matching quizzes found
Score Distribution
Percent of People with Each Score
Percentile by Number Answered
Your Score History
You have not taken this quiz